Tres formas de agresión EE.UU. contra Nicaragua 1979-1986
Guardat en:
| Autor corporatiu: | |
|---|---|
| Format: | Text |
| Publicat: |
Managua:
DIDA. MINEX
|
| Etiquetes: |
Afegir etiqueta
Sense etiquetes, Sigues el primer a etiquetar aquest registre!
|
MARC
| LEADER | 00000 a a2200000 04500 | ||
|---|---|---|---|
| 001 | 23649 | ||
| 003 | |||
| 040 | |||
| 090 | |a 165500 | ||
| 110 | |a Nicaragua. Ministerio del Exterior. Dirección de Información | ||
| 245 | |a Tres formas de agresión EE.UU. contra Nicaragua 1979-1986 | ||
| 260 | |a Managua: |b DIDA. MINEX | ||
| 300 | |a 121 p. | ||
| 999 | |c 12147 |d 12147 | ||
